Прорыв на Запад и на Восток; Томский политехник; Вып. 8

Podrobná bibliografie
Parent link:Томский политехник: ежегодный журнал/ Томский политехнический университет (ТПУ), Ассоциация выпускников.— , 1995-
Вып. 8.— 2002.— [С. 50-54]
Hlavní autor: Кириллов Н. П. Николай Петрович
Shrnutí:Заглавие с титульного листа
Электронная версия печатной публикации
Jazyk:ruština
angličtina
Vydáno: 2002
Edice:Ответ на вызов времени
Русско-американский центр
Témata:
On-line přístup:Цветная версия без потери качества
Médium: MixedMaterials Elektronický zdroj Kapitola
KOHA link:https://koha.lib.tpu.ru/cgi-bin/koha/opac-detail.pl?biblionumber=198118

MARC

LEADER 00000nla2a2200000 4500
001 198118
005 20240724131949.0
035 |a (RuTPU)RU\TPU\book\216101 
035 |a RU\TPU\book\216087 
090 |a 198118 
100 |a 20110623d2002 km y0rusy50 ca 
101 0 |a rus  |a eng 
102 |a RU 
135 |a drnn ---uucaa 
181 0 |a i  
182 0 |a b 
200 1 |a Прорыв на Запад и на Восток  |d Breakthrough on West and turn to the East  |f Н. П. Кириллов 
203 |a Текст  |c электронный 
215 |a 1 файл (12.3 Мб) 
225 1 |a Ответ на вызов времени 
225 1 |a Русско-американский центр 
300 |a Заглавие с титульного листа 
300 |a Электронная версия печатной публикации 
337 |a Adobe Reader 
461 1 |0 (RuTPU)RU\TPU\book\202435  |t Томский политехник  |o ежегодный журнал  |f Томский политехнический университет (ТПУ), Ассоциация выпускников  |d 1995- 
463 1 |0 (RuTPU)RU\TPU\book\215843  |t Вып. 8  |v [С. 50-54]  |d 2002  |p 180 с. 
510 1 |a Breakthrough on West and turn to the East  |z eng 
601 0 2 |a Томский политехнический университет (ТПУ)  |b Русско-Американский центр (РАЦ)  |2 stltpush  |3 (RuTPU)RU\TPU\col\1223 
610 1 |a университеты 
610 1 |a международное сотрудничество 
610 1 |a языковые стажировки 
610 1 |a электронный ресурс 
610 1 |a труды учёных ТПУ 
700 1 |a Кириллов  |b Н. П.  |c российский философ  |c доктор философских наук, профессор Томского политехнического университета  |c член-корреспондент Сибирского отделения Академии наук высшей школы  |c академик Академии проблем качества РФ  |f 1939-  |g Николай Петрович  |3 (RuTPU)RU\TPU\pers\21962  |9 9281 
801 1 |a RU  |b 63413507  |c 20101101 
801 2 |a RU  |b 63413507  |c 20111128  |g RCR 
856 4 |u http://www.lib.tpu.ru/fulltext/v/Tomsk_polytechnic/2002/N8a13_full.pdf  |z Цветная версия без потери качества 
942 |c CF